|
|
|
|
| LEADER |
00936cam a2200361 i 4500 |
| 001 |
000046035 |
| 003 |
5302 |
| 005 |
20030214145423.0 |
| 008 |
010220|1996 vm 000 eng |
| 020 |
|
|
|a 0716724332
|
| 040 |
|
|
|a IRC
|c IRC
|d IRC
|
| 041 |
0 |
|
|a eng
|
| 082 |
1 |
4 |
|a 515.63
|b PA-K
|
| 100 |
1 |
|
|a Pao, Karen.
|
| 245 |
0 |
0 |
|a Study guide for marsden and tromba's vector calculus /
|c Karen Pao.
|
| 250 |
|
|
|a 4th ed.
|
| 260 |
|
|
|a New York :
|b W.H. Freeman,
|c 1996.
|
| 300 |
|
|
|a 184p. :
|b ill.
|
| 630 |
0 |
4 |
|a Mathematics.
|
| 650 |
0 |
4 |
|a Calculus.
|
| 650 |
0 |
4 |
|a Vector analysis.
|
| 650 |
0 |
4 |
|a Calculus
|x Problems, exercises, etc.
|
| 650 |
0 |
4 |
|a Vector analysis
|x Problems, exercises, etc.
|
| OWN |
|
|
|a DUT
|
| 999 |
|
|
|a From the UDN01
|
| TYP |
|
|
|a Monograph
|
| TYP |
|
|
|a Printed language
|
| 980 |
|
|
|a Mạng thư viện Đại học Đà Nẵng
|